000 00289nam a22001337a 4500
008 170904b xxu||||| |||| 00| 0 eng d
020 _a9780205032457
041 _aeng
080 _28TH
_a070
100 _a40
101 _aMED
245 _aPUBLIC SPEAKING
_cBEEBE,S.A
942 _2udc
_cBK
999 _c25938
_d25938